[Event "20. Torneo San Viator 2013"]
[Site "Madrid ESP"]
[Date "2013.05.26"]
[Round "7.10"]
[White "Garcia Sanjuan, Jose"]
[Black "Moratalla Garcia, Joaquin"]
[Result "1-0"]
[WhiteElo "1877"]
[BlackElo "1683"]
[PlyCount "131"]
[EventDate "2013.04.07"]
[EventType "swiss"]
[EventRounds "9"]
[EventCountry "ESP"]
[Source "lmi"]
[SourceDate "2013.04.07"]

1. e4 c5 2. b3 d6 3. Bb2 Nf6 4. Nc3 e6 5. f4 Nc6 6. Nf3 Be7 7. e5 dxe5 8. Nxe5
Nxe5 9. fxe5 Nd5 10. Qg4 g6 11. O-O-O a6 12. h4 h5 13. Qg3 Nxc3 14. Bxc3 Qc7
15. Be2 Bd7 16. Bf3 O-O-O 17. Rhf1 c4 18. b4 a5 19. a3 axb4 20. axb4 Qb6 21.
Qf2 Qxf2 22. Rxf2 Bxh4 23. Rff1 b5 24. Kb2 Kc7 25. Ra1 Bc6 26. Bxc6 Kxc6 27.
Rxf7 Ra8 28. Rxa8 Rxa8 29. Rg7 Bf2 30. Rxg6 Kd5 31. Rg7 Rd8 32. Rg5 h4 33. d3
cxd3 34. cxd3 Bd4 35. Bxd4 Kxd4 36. Kc2 Rd5 37. Rg4+ Kxe5 38. Rxh4 Kf6 39. Rg4
Kf5 40. Rg8 Kf6 41. Kc3 Kf7 42. Rc8 Rg5 43. Rc5 Rxg2 44. Rxb5 Ke7 45. Rc5 Rg1
46. d4 Kd6 47. Kd3 Rd1+ 48. Ke3 Re1+ 49. Kd2 Re4 50. Kc3 Re1 51. b5 Rc1+ 52.
Kb4 Rb1+ 53. Ka5 Rd1 54. Rc4 Kd5 55. Rb4 Ra1+ 56. Kb6 e5 57. dxe5 Kxe5 58. Rc4
Kd6 59. Kb7 Kd7 60. b6 Kd8 61. Rc8+ Kd7 62. Rc7+ Kd8 63. Kb8 Ra2 64. Ra7 Rb2
65. b7 Rb1 66. Ra8 1-0

[Event "20. Torneo San Viator 2013"]
[Site "Madrid ESP"]
[Date "2013.05.26"]
[Round "7.11"]
[White "Garcia Carcedo, Jesus"]
[Black "Sierra Bermejo, Gregorio"]
[Result "0-1"]
[WhiteElo "1808"]
[BlackElo "1654"]
[PlyCount "90"]
[EventDate "2013.04.07"]
[EventType "swiss"]
[EventRounds "9"]
[EventCountry "ESP"]
[Source "lmi"]
[SourceDate "2013.04.07"]

1. d4 Nf6 2. Nf3 e6 3. Bf4 c5 4. e3 b6 5. c3 Bb7 6. Nbd2 Nc6 7. Be2 cxd4 8.
exd4 Nh5 9. Bg5 Be7 10. Bxe7 Nxe7 11. O-O Nf4 12. Re1 Nxe2+ 13. Qxe2 Ng6 14.
Ne4 Qc7 15. Rad1 O-O 16. Ne5 Nxe5 17. dxe5 Qc6 18. Rd6 Qc7 19. f4 f5 20. Ng5 h6
21. Nf3 Rf7 22. Red1 g5 23. fxg5 hxg5 24. Nxg5 Rg7 25. h4 Qc5+ 26. Qf2 Qb5 27.
Qd4 Qxb2 28. Rd2 Qb1+ 29. Kh2 Qb5 30. c4 Qa5 31. a4 Re8 32. Nf3 Ree7 33. Ra2
Rg4 34. Qd2 Qxd2 35. Raxd2 Bxf3 36. gxf3 Rxh4+ 37. Kg3 Rhh7 38. Kf4 Reg7 39.
Ke3 Kf8 40. a5 bxa5 41. Ra6 Rh4 42. Rxa5 Rxc4 43. Rxa7 Ke8 44. Ra8+ Ke7 45.
Rxd7+ Kxd7 0-1

[Event "20. Torneo San Viator 2013"]
[Site "Madrid ESP"]
[Date "2013.05.26"]
[Round "7.12"]
[White "Hernandez Mateo, Borja"]
[Black "Villanueva Ortega, Ruben"]
[Result "1-0"]
[WhiteElo "1789"]
[BlackElo "1610"]
[PlyCount "75"]
[EventDate "2013.04.07"]
[EventType "swiss"]
[EventRounds "9"]
[EventCountry "ESP"]
[Source "lmi"]
[SourceDate "2013.04.07"]

1. e4 e6 2. d3 d5 3. Nd2 c5 4. g3 Nc6 5. Ngf3 Nf6 6. Bg2 Bd6 7. O-O O-O 8. Re1
dxe4 9. dxe4 e5 10. Nc4 Bc7 11. Bg5 Qe7 12. Ne3 Be6 13. Nd5 Bxd5 14. exd5 Rad8
15. c4 h6 16. Be3 Nd4 17. Bxd4 cxd4 18. Qxd4 Bb6 19. Rxe5 Qb4 20. Qc3 Qc5 21.
Re2 Ng4 22. b4 Qc8 23. Qd3 Nxf2 24. Rxf2 Bxf2+ 25. Kxf2 a5 26. a3 axb4 27. axb4
Qc7 28. Nd4 Qe7 29. c5 Rfe8 30. d6 Qf6+ 31. Kg1 Qg5 32. Rf1 Re3 33. Qf5 Qxf5
34. Nxf5 Rb3 35. Bxb7 Rxb4 36. c6 Rxb7 37. cxb7 Kf8 38. Rc1 1-0

[Event "20. Torneo San Viator 2013"]
[Site "Madrid ESP"]
[Date "2013.05.26"]
[Round "7.13"]
[White "Rodriguez Alonso, Marcos"]
[Black "Martin Hernandez, Vicente"]
[Result "1/2-1/2"]
[WhiteElo "1637"]
[BlackElo "2005"]
[PlyCount "119"]
[EventDate "2013.04.07"]
[EventType "swiss"]
[EventRounds "9"]
[EventCountry "ESP"]
[Source "lmi"]
[SourceDate "2013.04.07"]

1. e4 c5 2. Nf3 d6 3. d4 cxd4 4. Nxd4 Nf6 5. Nc3 a6 6. Be2 e6 7. Be3 Be7 8. O-O
O-O 9. f4 Qc7 10. Bf3 Nc6 11. Nb3 b5 12. a3 Bb7 13. Qe1 Rfd8 14. Qf2 Nd7 15.
Rad1 Na5 16. Nxa5 Qxa5 17. f5 e5 18. Nd5 Bxd5 19. Rxd5 Rdc8 20. Rfd1 Rc6 21. c3
Nf6 22. R5d2 Rc4 23. Bb6 Qa4 24. Re1 Rcc8 25. g4 Nd7 26. Be3 Nc5 27. Bxc5 Rxc5
28. Rb1 Rc6 29. h4 h6 30. Kh2 Qa5 31. Rg1 Qd8 32. Qg2 Bxh4 33. Rh1 Bg5 34. Re2
a5 35. Qh3 b4 36. axb4 axb4 37. cxb4 Rac8 38. Qg2 Bf4+ 39. Kh3 Qb6 40. Rd1 Qxb4
41. Rf2 Qb3 42. Re1 Rc2 43. Ree2 Rc1 44. Rf1 Rxf1 45. Qxf1 Rc2 46. Qf2 Rxe2 47.
Qxe2 Bc1 48. Kg3 Qxb2 49. Qxb2 Bxb2 50. Be2 g6 51. Bc4 Kg7 52. Kh4 f6 53. Bd5
Bc1 54. Bc6 Bg5+ 55. Kg3 h5 56. gxh5 gxf5 57. exf5 Kh6 58. Kg4 Kg7 59. Kf3 Kf7
60. Ke4 1/2-1/2

[Event "20. Torneo San Viator 2013"]
[Site "Madrid ESP"]
[Date "2013.05.26"]
[Round "7.14"]
[White "Gil Calvente, Jose Antonio"]
[Black "Bermejo Redondo, Oscar"]
[Result "1/2-1/2"]
[WhiteElo "1597"]
[BlackElo "1896"]
[PlyCount "95"]
[EventDate "2013.04.07"]
[EventType "swiss"]
[EventRounds "9"]
[EventCountry "ESP"]
[Source "lmi"]
[SourceDate "2013.04.07"]

1. e4 d6 2. Nc3 Nf6 3. Bc4 c5 4. d3 g6 5. Bg5 Bg7 6. Qd2 O-O 7. O-O-O Nc6 8.
Bh6 a6 9. Bxg7 Kxg7 10. h4 h5 11. Nf3 Nd4 12. Ng5 b5 13. Bb3 a5 14. a4 Nxb3+
15. cxb3 bxa4 16. bxa4 Qb6 17. d4 Rb8 18. dxc5 dxc5 19. e5 Ng4 20. Nd5 Qb7 21.
Qe2 Nh6 22. Rd2 Nf5 23. Nf3 Be6 24. Rhd1 Qb3 25. Nc3 Qb4 26. Qe4 Rfc8 27. g3
Bb3 28. Re1 Bxa4 29. Nxa4 Nd4 30. Nxd4 cxd4+ 31. Rc2 Rxc2+ 32. Kxc2 Qxa4+ 33.
Kb1 Qb3 34. Qxd4 Rb4 35. Qd2 a4 36. Re3 Qc4 37. Qd3 Qc5 38. Qc2 Rc4 39. Qd2 Rd4
40. Qc3 Rc4 41. Qd2 Qc6 42. Rc3 Rxc3 43. Qxc3 Qb5 44. f4 Qb7 45. Ka2 f6 46.
exf6+ exf6 47. Ka3 Qa6 48. Qd4 1/2-1/2

[Event "20. Torneo San Viator 2013"]
[Site "Madrid ESP"]
[Date "2013.05.26"]
[Round "7.15"]
[White "Padin Lazaro, Jose Manuel"]
[Black "Ramos Pinto, Jose Maria"]
[Result "1-0"]
[WhiteElo "1809"]
[BlackElo "1642"]
[PlyCount "75"]
[EventDate "2013.04.07"]
[EventType "swiss"]
[EventRounds "9"]
[EventCountry "ESP"]
[Source "lmi"]
[SourceDate "2013.04.07"]

1. e4 c5 2. Nf3 e6 3. d4 cxd4 4. Nxd4 a6 5. Nc3 Qc7 6. Bd3 Nc6 7. Nxc6 bxc6 8.
Qe2 Bb4 9. Bd2 Nf6 10. O-O O-O 11. e5 Bxc3 12. Bxc3 Nd5 13. Qe4 f5 14. exf6 g6
15. Bd2 Nxf6 16. Qh4 d5 17. Bh6 Rf7 18. Bg5 Ne8 19. Kh1 e5 20. f3 Bf5 21. Bxf5
Rxf5 22. Rae1 Qf7 23. Kg1 Ng7 24. Bd2 c5 25. Qa4 Qc7 26. Bc3 d4 27. Ba5 Qd6 28.
Qc4+ Ne6 29. Bc7 Qxc7 30. Qxe6+ Kf8 31. Re4 a5 32. Rfe1 Re8 33. Qc4 g5 34. Qe2
c4 35. g4 Rf4 36. Rxe5 Rxe5 37. Qxe5 Qd8 38. Qh8+ 1-0

[Event "20. Torneo San Viator 2013"]
[Site "Madrid ESP"]
[Date "2013.05.26"]
[Round "7.17"]
[White "Cazorla Munoz, Francisco"]
[Black "Gutierrez Diaz, Pablo"]
[Result "0-1"]
[WhiteElo "1735"]
[BlackElo "1641"]
[PlyCount "82"]
[EventDate "2013.04.07"]
[EventType "swiss"]
[EventRounds "9"]
[EventCountry "ESP"]
[Source "lmi"]
[SourceDate "2013.04.07"]

1. d4 d5 2. c4 e6 3. Nf3 Nf6 4. Bg5 Be7 5. Nc3 O-O 6. e3 Nbd7 7. Qc2 c6 8. c5
b6 9. b4 a5 10. bxa5 bxc5 11. dxc5 Qxa5 12. Bd3 Nxc5 13. Bxh7+ Kh8 14. O-O Qc7
15. Bf4 Bd6 16. Bxd6 Qxd6 17. Ng5 Qe7 18. f4 g6 19. Rf3 Kg7 20. Nxf7 Nxh7 21.
Ne5 Rf6 22. Rg3 Nf8 23. h4 Ncd7 24. Nxc6 Qc5 25. Nd4 Ra3 26. Rc1 Nb6 27. h5 Nc4
28. Ncb5 Ra5 29. a4 Bd7 30. Qc3 Kf7 31. hxg6+ Nxg6 32. Qxa5 Bxb5 33. Qxb5 Qa3
34. Re1 Qc3 35. Nf3 Kg7 36. Kf2 Nd6 37. Qd7+ Nf7 38. Ng5 Qc2+ 39. Re2 Qf5 40.
Nxf7 Rxf7 41. Qc7 Rxc7 0-1

[Event "20. Torneo San Viator 2013"]
[Site "Madrid ESP"]
[Date "2013.05.26"]
[Round "7.18"]
[White "Robles, Bryan"]
[Black "Jaumandreu Llopis, Antonio"]
[Result "1/2-1/2"]
[WhiteElo "1708"]
[BlackElo "1590"]
[PlyCount "88"]
[EventDate "2013.04.07"]
[EventType "swiss"]
[EventRounds "9"]
[EventCountry "ESP"]
[Source "lmi"]
[SourceDate "2013.04.07"]

1. Nf3 Nf6 2. d4 g6 3. c4 c5 4. g3 Bg7 5. Bg2 O-O 6. O-O cxd4 7. Nxd4 Nc6 8.
Nb3 d6 9. Nc3 Be6 10. Nd5 Qd7 11. e4 Rfd8 12. Re1 Bh3 13. Bh1 e6 14. Nf4 e5 15.
Nxh3 Qxh3 16. Bg2 Qe6 17. Qe2 Rac8 18. Bd2 a6 19. Rac1 b6 20. Be3 b5 21. cxb5
axb5 22. Qxb5 Ne7 23. Rxc8 Rxc8 24. Rc1 Ng4 25. Rxc8+ Qxc8 26. Bh3 f5 27. Bg5
Kf7 28. Bxe7 Kxe7 29. Bxg4 fxg4 30. Qd3 Qc6 31. a4 Qxa4 32. Qd5 Qe8 33. Na5 Qa4
34. Nc6+ Kd7 35. Qf7+ Kc8 36. Qe8+ Kc7 37. Qd8+ Kb7 38. Qb8+ Ka6 39. Qa7+ Kb5
40. Qb7+ Kc5 41. b4+ Kc4 42. Na5+ Kd3 43. Qd5+ Kc3 44. Qc4+ Kb2 1/2-1/2

[Event "20. Torneo San Viator 2013"]
[Site "Madrid ESP"]
[Date "2013.05.26"]
[Round "7.19"]
[White "Brasa Olmos, Joaquin"]
[Black "Perez Perez, Elena"]
[Result "1-0"]
[WhiteElo "1542"]
[BlackElo "1698"]
[PlyCount "137"]
[EventDate "2013.04.07"]
[EventType "swiss"]
[EventRounds "9"]
[EventCountry "ESP"]
[Source "lmi"]
[SourceDate "2013.04.07"]

1. Nf3 d5 2. d4 Nf6 3. c4 dxc4 4. Qa4+ Nbd7 5. Qxc4 e6 6. Bf4 c5 7. e3 Qa5+ 8.
Nbd2 a6 9. Qc2 Nd5 10. Bg3 N7f6 11. Be2 Be7 12. O-O cxd4 13. Nb3 Qb6 14. Nbxd4
Bd7 15. Bd3 Nb4 16. Qb3 Qa5 17. Rfc1 Nfd5 18. a3 Nxd3 19. Qxd3 O-O 20. b4 Qd8
21. e4 Nf6 22. Bc7 Qe8 23. Ne5 Rc8 24. Bb6 Bd6 25. Nc4 Bb5 26. Nxb5 Qxb5 27.
Be3 Be7 28. f3 Rfd8 29. Qb3 Rc6 30. Rc3 Rdc8 31. Rac1 Nd7 32. f4 b6 33. e5 R8c7
34. Qa2 Qd5 35. Qe2 b5 36. Rd3 Qe4 37. Rd4 Qf5 38. g4 Qg6 39. Rcd1 bxc4 40.
Rxd7 Rxd7 41. Rxd7 Qb1+ 42. Kg2 Qe4+ 43. Kg3 Kf8 44. Rxe7 Qd3 45. Qf3 Rc8 46.
Bc5 Qxf3+ 47. Kxf3 Rxc5 48. bxc5 Kxe7 49. Ke4 Kd7 50. Kd4 Kc6 51. Kxc4 a5 52.
a4 f6 53. h4 fxe5 54. fxe5 h6 55. h5 Kc7 56. Kb5 Kb7 57. Kxa5 Kc6 58. Kb4 Kd5
59. Kb5 Kxe5 60. a5 Kf4 61. c6 e5 62. c7 e4 63. c8=Q e3 64. Qf5+ Kg3 65. Qf1
Kxg4 66. a6 Kxh5 67. Qf3+ Kh4 68. Qxe3 g5 69. a7 1-0

[Event "20. Torneo San Viator 2013"]
[Site "Madrid ESP"]
[Date "2013.05.26"]
[Round "7.22"]
[White "Andres Rodriguez, Florencio"]
[Black "Linares Leyva, David"]
[Result "1/2-1/2"]
[WhiteElo "1575"]
[BlackElo "1904"]
[PlyCount "140"]
[EventDate "2013.04.07"]
[EventType "swiss"]
[EventRounds "9"]
[EventCountry "ESP"]
[Source "lmi"]
[SourceDate "2013.04.07"]

1. d4 Nf6 2. c4 c5 3. Nf3 g6 4. e3 Bg7 5. g3 b6 6. Bg2 Bb7 7. O-O O-O 8. Nc3
Na6 9. d5 d6 10. Rb1 Nc7 11. e4 Nd7 12. Bf4 b5 13. Nxb5 Nxb5 14. cxb5 Qa5 15.
a4 a6 16. Bd2 Qb6 17. Qe2 axb5 18. axb5 Ra2 19. Qc4 Rfa8 20. Bc3 R8a4 21. Qd3
c4 22. Qe3 Qxb5 23. Bxg7 Kxg7 24. Qc3+ Kg8 25. Rfc1 Nc5 26. Nd2 Nd3 27. Rc2 Ba6
28. Bf1 Ra1 29. Rxa1 Rxa1 30. Nxc4 Nxb2 31. Rxb2 Rxf1+ 32. Kxf1 Qxc4+ 33. Qxc4
Bxc4+ 34. Ke1 f6 35. f4 Bd3 36. Rb4 Kf7 37. Kf2 Ba6 38. Ke3 Bf1 39. Kd4 h6 40.
e5 fxe5+ 41. fxe5 dxe5+ 42. Kxe5 Bg2 43. Rb7 Ke8 44. Rb8+ Kf7 45. Rd8 Bh3 46.
Rh8 Kg7 47. Ra8 Kf7 48. Ra7 Ke8 49. d6 exd6+ 50. Kxd6 Bf5 51. Ke5 h5 52. Kf6 h4
53. g4 Bxg4 54. Kxg6 h3 55. Kf6 Bf3 56. Ke6 Bg4+ 57. Ke5 Bf3 58. Kf4 Bg2 59.
Kg3 Kf8 60. Rh7 Kg8 61. Rxh3 Bxh3 62. Kxh3 Kh7 63. Kh4 Kh6 64. h3 Kg6 65. Kg4
Kh6 66. h4 Kg6 67. h5+ Kh6 68. Kh4 Kg7 69. Kg5 Kh7 70. Kh4 Kh8 1/2-1/2

[Event "20. Torneo San Viator 2013"]
[Site "Madrid ESP"]
[Date "2013.05.26"]
[Round "7.24"]
[White "Arias Martinez, Ivan"]
[Black "Mosteiro Montoro, Alvaro"]
[Result "1/2-1/2"]
[WhiteElo "1766"]
[BlackElo "1680"]
[PlyCount "101"]
[EventDate "2013.04.07"]
[EventType "swiss"]
[EventRounds "9"]
[EventCountry "ESP"]
[Source "lmi"]
[SourceDate "2013.04.07"]

1. e4 c5 2. Nf3 Nc6 3. c3 e6 4. d4 cxd4 5. cxd4 d6 6. Bb5 a6 7. Ba4 b5 8. Bb3
Bb7 9. Nc3 Nge7 10. Be3 Na5 11. O-O Nxb3 12. Qxb3 d5 13. e5 Nf5 14. a3 Be7 15.
Qd1 O-O 16. b4 Nxe3 17. fxe3 Rc8 18. Rc1 Qd7 19. Nd2 f5 20. Nb3 Bg5 21. Qd2 Qf7
22. g3 Qg6 23. Nc5 Rc7 24. Ne2 Bc8 25. Nf4 Bxf4 26. exf4 Qf7 27. Ra1 Rc6 28.
Ra2 Bb7 29. Rc2 Rfc8 30. Rfc1 g6 31. Qg2 h5 32. h4 Kg7 33. Nb3 Rxc2 34. Rxc2
Rc4 35. Na5 Qc7 36. Nxc4 dxc4 37. Kf1 Qc6 38. Qf2 Kf7 39. Rc3 Qe4 40. Qe3 Qd5
41. Ke2 Ke7 42. Kd2 Kd7 43. Kc2 Kc7 44. Kd2 Kb6 45. Kc2 Qg2+ 46. Kc1 Bd5 47.
Qd2 Kc6 48. Qxg2 Bxg2 49. Kd2 Kd5 50. Ke3 Be4 51. Rc1 1/2-1/2

[Event "20. Torneo San Viator 2013"]
[Site "Madrid ESP"]
[Date "2013.05.26"]
[Round "7.25"]
[White "San Felipe Gonzalez, Tomas"]
[Black "Centeno Mateos, Domingo"]
[Result "1-0"]
[WhiteElo "1649"]
[BlackElo "1557"]
[PlyCount "87"]
[EventDate "2013.04.07"]
[EventType "swiss"]
[EventRounds "9"]
[EventCountry "ESP"]
[Source "lmi"]
[SourceDate "2013.04.07"]

1. d4 Nf6 2. c4 e6 3. Nc3 Bb4 4. e3 d5 5. Bd3 O-O 6. Nf3 c5 7. O-O cxd4 8. exd4
Nc6 9. Bg5 Be7 10. Re1 a6 11. a3 dxc4 12. Bxc4 b5 13. Bd3 b4 14. axb4 Nxb4 15.
Be2 Nfd5 16. Bxe7 Qxe7 17. Nxd5 Nxd5 18. Bc4 Nb6 19. Bd3 Qb4 20. Qe2 a5 21.
Red1 Bb7 22. b3 Bd5 23. Be4 Bxb3 24. Rdb1 Rac8 25. Bxh7+ Kxh7 26. Qd3+ g6 27.
Rxb3 Qc4 28. Qd1 Qa6 29. Qb1 Nc4 30. Ra4 Qc6 31. Ra1 Qd6 32. Rb7 Rb8 33. Rxb8
Rxb8 34. Qc1 Qb4 35. h3 Qb5 36. Qf4 Kg7 37. Ng5 Rb7 38. Qh4 Qd5 39. Re1 a4 40.
Qh7+ Kf6 41. h4 Nd6 42. Qh8+ Ke7 43. Nh7 Qxd4 44. Qxd4 1-0

[Event "20. Torneo San Viator 2013"]
[Site "Madrid ESP"]
[Date "2013.05.26"]
[Round "7.28"]
[White "Rendo Quindos, Pedro"]
[Black "Arias Cusio, Oscar"]
[Result "0-1"]
[WhiteElo "1606"]
[BlackElo "1761"]
[PlyCount "64"]
[EventDate "2013.04.07"]
[EventType "swiss"]
[EventRounds "9"]
[EventCountry "ESP"]
[Source "lmi"]
[SourceDate "2013.04.07"]

1. e4 e6 2. Nf3 d5 3. exd5 exd5 4. d4 Nf6 5. Be2 Bd6 6. O-O O-O 7. Re1 c5 8.
dxc5 Bxc5 9. c3 Qb6 10. Rf1 Ne4 11. Nd4 Nc6 12. Qb3 Bxd4 13. cxd4 Nxd4 14. Qe3
Nc2 15. Qd3 Nxa1 16. Qxd5 Qe6 17. Qd3 b6 18. Bf3 Nc5 19. Qd1 Bb7 20. Bxb7 Nxb7
21. b3 Rad8 22. Qf3 Nc5 23. Bb2 Nc2 24. Qc3 Nd4 25. Kh1 f6 26. Ba3 Ne4 27. Qb2
Rfe8 28. h3 Ne2 29. Kh2 Nf4 30. Re1 Qd5 31. f3 Nd3 32. Nc3 Qe5+ 0-1

[Event "20. Torneo San Viator 2013"]
[Site "Madrid ESP"]
[Date "2013.05.26"]
[Round "7.29"]
[White "Casado Salvo, Jose Maria"]
[Black "Vicario Ramirez, Celestino"]
[Result "0-1"]
[WhiteElo "1758"]
[BlackElo "1585"]
[PlyCount "56"]
[EventDate "2013.04.07"]
[EventType "swiss"]
[EventRounds "9"]
[EventCountry "ESP"]
[Source "lmi"]
[SourceDate "2013.04.07"]

1. f4 d5 2. e3 Nf6 3. Nf3 Nc6 4. d4 e6 5. Be2 Be7 6. O-O O-O 7. Ne5 Nxe5 8.
fxe5 Ne4 9. Nd2 f5 10. exf6 Nxf6 11. Nf3 c5 12. c3 Qc7 13. Bd2 Bd6 14. Rc1 e5
15. dxe5 Bxe5 16. Nxe5 Qxe5 17. Bf3 Bf5 18. Qe2 Be4 19. Be1 c4 20. Bg3 Qe6 21.
Bxe4 Nxe4 22. Rf3 Rxf3 23. gxf3 Nxg3 24. hxg3 Re8 25. Re1 Qe5 26. Kf2 Re6 27.
Qd2 Rh6 28. Kg2 Qh5 0-1

[Event "20. Torneo San Viator 2013"]
[Site "Madrid ESP"]
[Date "2013.05.26"]
[Round "7.31"]
[White "Hidalgo Prado, David"]
[Black "Uceda Martinez, Jacinto"]
[Result "0-1"]
[WhiteElo "1397"]
[BlackElo "1854"]
[PlyCount "110"]
[EventDate "2013.04.07"]
[EventType "swiss"]
[EventRounds "9"]
[EventCountry "ESP"]
[Source "lmi"]
[SourceDate "2013.04.07"]

1. e4 c5 2. c3 d5 3. e5 Nc6 4. d4 cxd4 5. cxd4 Qb6 6. Nf3 Bg4 7. Nc3 Bxf3 8.
Qxf3 e6 9. Qd1 Qxd4 10. Qxd4 Nxd4 11. Bd3 Bb4 12. Bd2 Bxc3 13. Bxc3 Nc6 14. f4
Nge7 15. g4 O-O 16. Kf2 Rac8 17. Rhe1 a6 18. f5 d4 19. Bd2 Nd5 20. Re4 Rfd8 21.
Kg3 b5 22. a3 h6 23. Rf1 Re8 24. g5 exf5 25. Rxf5 g6 26. Rf2 Rxe5 27. gxh6 Rce8
28. Rfe2 f5 29. Rxe5 Rxe5 30. Bf4 Rxe2 31. Bxe2 Nxf4 32. Kxf4 Kh7 33. a4 Nb4
34. axb5 axb5 35. Bxb5 Kxh6 36. b3 Kh5 37. Bf1 Kh4 38. Ke5 d3 39. Kd4 d2 40.
Be2 Kh3 41. Kc3 Nc6 42. b4 Kxh2 43. b5 Nb8 44. Kxd2 g5 45. Ke3 Kg3 46. Bh5 f4+
47. Ke2 g4 48. Kf1 Nd7 49. Bf7 Nb6 50. Be8 Kh2 51. Bc6 Nc4 52. Bb7 g3 53. Bf3
Nd2+ 54. Ke2 Nxf3 55. b6 Nd4+ 0-1

[Event "20. Torneo San Viator 2013"]
[Site "Madrid ESP"]
[Date "2013.05.26"]
[Round "7.32"]
[White "Lopez Benitez, David"]
[Black "Sanz Miranda, Fernando"]
[Result "0-1"]
[WhiteElo "1746"]
[BlackElo "1677"]
[PlyCount "118"]
[EventDate "2013.04.07"]
[EventType "swiss"]
[EventRounds "9"]
[EventCountry "ESP"]
[Source "lmi"]
[SourceDate "2013.04.07"]

1. Nf3 d5 2. g3 c5 3. Bg2 Nc6 4. O-O Nf6 5. d3 e5 6. e4 dxe4 7. dxe4 Qxd1 8.
Rxd1 Bg4 9. Re1 Bxf3 10. Bxf3 Nd4 11. Bd1 Rd8 12. c3 Nc6 13. Ba4 Rd6 14. Na3 a6
15. Be3 b5 16. Bc2 Rd8 17. Rad1 Be7 18. Rxd8+ Nxd8 19. f3 O-O 20. Rd1 Nb7 21.
Kf2 Re8 22. Bb1 Kf8 23. Nc2 a5 24. Bd2 c4 25. Ne3 Nc5 26. Nf5 Rd8 27. Ke2 g6
28. Nxe7 Kxe7 29. Be3 Rxd1 30. Kxd1 Kd6 31. Bc2 Nfd7 32. g4 Nf8 33. b4 cxb3 34.
axb3 Nfe6 35. Kd2 Nf4 36. Bxf4 exf4 37. b4 axb4 38. cxb4 Ne6 39. h4 Nd4 40. Bd1
Ke5 41. g5 f5 42. gxf6 Kxf6 43. Kd3 Ke5 44. Kc3 h6 45. Kd2 g5 46. hxg5 hxg5 47.
Kd3 Nc6 48. Be2 Nxb4+ 49. Kc3 Nc6 50. Bd1 Nd4 51. Kb4 Kd6 52. Kc3 Kc5 53. Kd3
b4 54. Bc2 b3 55. Bd1 b2 56. Bc2 Nxf3 57. Kc3 Ne5 58. Kxb2 Kd4 59. Kc1 Ke3 0-1

[Event "20. Torneo San Viator 2013"]
[Site "Madrid ESP"]
[Date "2013.05.26"]
[Round "7.33"]
[White "Moreno Sanchez, Guillermo"]
[Black "Enriquez Pastor, Jorge"]
[Result "0-1"]
[WhiteElo "1664"]
[BlackElo "1398"]
[PlyCount "132"]
[EventDate "2013.04.07"]
[EventType "swiss"]
[EventRounds "9"]
[EventCountry "ESP"]
[Source "lmi"]
[SourceDate "2013.04.07"]

1. d4 d5 2. Nf3 c6 3. Bg5 Bf5 4. e3 Nd7 5. Be2 Ngf6 6. O-O e6 7. c4 Bxb1 8.
Rxb1 Be7 9. cxd5 Nxd5 10. Bxe7 Qxe7 11. Qb3 Qb4 12. Qc2 O-O 13. Bd3 h6 14. Nd2
c5 15. a3 Qb6 16. Qa4 N5f6 17. Rfc1 cxd4 18. exd4 Rac8 19. Rxc8 Rxc8 20. Bb5
Nb8 21. Rd1 a6 22. Bd3 Qxb2 23. h3 Nc6 24. Nf3 Qc3 25. Bf1 Qa5 26. Qb3 Qc7 27.
Rb1 b5 28. Rc1 Qd6 29. Qb2 Ne7 30. Rd1 Qc6 31. Re1 Qc3 32. Qa2 Nf5 33. Rd1 Qc2
34. Qa1 Qc3 35. Qa2 Rd8 36. Be2 Rd7 37. Rd3 Qc7 38. Qb2 Re7 39. Rc3 Qd6 40. Qd2
Rc7 41. Rd3 Nd5 42. Ne5 Nfe7 43. Bh5 f6 44. Rg3 Nf5 45. Bf7+ Kf8 46. Rf3 fxe5
47. dxe5 Qxe5 48. Bg6 Qf6 49. Bh5 g6 50. Bxg6 Qxg6 51. g4 Rf7 52. Qa5 Nh4 53.
Qd8+ Kg7 54. Rxf7+ Qxf7 55. Qxh4 Qe7 56. Qg3 Qf7 57. Qe5+ Qf6 58. Qd6 Nf4 59.
Qc7+ Qf7 60. Qc3+ Qf6 61. Qc7+ Kg6 62. Kh2 e5 63. Kg3 Nd3 64. Qc2 e4 65. Qe2
Qe5+ 66. Kg2 Nf4+ 0-1

[Event "20. Torneo San Viator 2013"]
[Site "Madrid ESP"]
[Date "2013.05.26"]
[Round "7.34"]
[White "Insua Rodriguez, Antonio"]
[Black "Di Pietro Moreno, Fatima"]
[Result "1/2-1/2"]
[WhiteElo "1576"]
[BlackElo "1287"]
[PlyCount "46"]
[EventDate "2013.04.07"]
[EventType "swiss"]
[EventRounds "9"]
[EventCountry "ESP"]
[Source "lmi"]
[SourceDate "2013.04.07"]

1. Nc3 e6 2. e4 d5 3. d4 Nf6 4. Bg5 Be7 5. Nf3 Nxe4 6. Bxe7 Qxe7 7. Nxe4 dxe4
8. Nd2 Qb4 9. Bc4 b5 10. a3 Qxb2 11. Rb1 Qxd4 12. Bxb5+ Bd7 13. Qe2 Bxb5 14.
Qxb5+ Nd7 15. Qc6 O-O 16. Ke2 Nf6 17. Rb4 Qd6 18. Qxd6 cxd6 19. Nxe4 Nxe4 20.
Rxe4 Rac8 21. Kd3 d5 22. Rb4 Rc5 23. Rhb1 g6 1/2-1/2

[Event "20. Torneo San Viator 2013"]
[Site "Madrid ESP"]
[Date "2013.05.26"]
[Round "7.37"]
[White "Castro Uceda, Jose Antonio"]
[Black "Perez Bruni, Alfredo"]
[Result "1/2-1/2"]
[WhiteElo "1642"]
[BlackElo "1836"]
[PlyCount "104"]
[EventDate "2013.04.07"]
[EventType "swiss"]
[EventRounds "9"]
[EventCountry "ESP"]
[Source "lmi"]
[SourceDate "2013.04.07"]

1. d4 Nf6 2. c4 e6 3. Bg5 Bb4+ 4. Nc3 c5 5. a3 Bxc3+ 6. bxc3 Qa5 7. Bd2 Nc6 8.
e3 d6 9. Nf3 Bd7 10. Bd3 e5 11. e4 h6 12. d5 Ne7 13. h3 g5 14. Nh2 Ng6 15. O-O
Nf4 16. Qf3 Qd8 17. Rfb1 b6 18. Nf1 g4 19. hxg4 Bxg4 20. Qg3 Ne2+ 21. Bxe2 Bxe2
22. Qg7 Rg8 23. Qxh6 Nxe4 24. Re1 Nxd2 25. Nxd2 Bd3 26. f4 Rg6 27. Qh3 Bc2 28.
fxe5 Qg5 29. exd6+ Kf8 30. Nf3 Qf4 31. d7 Rg3 32. Re8+ Rxe8 33. dxe8=Q+ Kxe8
34. Re1+ Kf8 35. Qh5 Kg7 36. Qe5+ Qxe5 37. Nxe5 f6 38. Nc6 Rxc3 39. d6 Bf5 40.
Re7+ Kg6 41. d7 Bxd7 42. Rxd7 Rxa3 43. Nxa7 Ra4 44. Nc8 Rxc4 45. Nxb6 Rc1+ 46.
Kf2 Kg5 47. Rc7 Kg4 48. Nd7 Kf5 49. Nxc5 Rc2+ 50. Kf3 Rc3+ 51. Ke2 Rc2+ 52. Kf3
Rc3+ 1/2-1/2

[Event "20. Torneo San Viator 2013"]
[Site "Madrid ESP"]
[Date "2013.05.26"]
[Round "7.38"]
[White "Torrecillas Adan, Luis"]
[Black "Rottenwoerer, Christoph"]
[Result "0-1"]
[WhiteElo "1788"]
[BlackElo "1615"]
[PlyCount "78"]
[EventDate "2013.04.07"]
[EventType "swiss"]
[EventRounds "9"]
[EventCountry "ESP"]
[Source "lmi"]
[SourceDate "2013.04.07"]

1. e4 c5 2. d3 g6 3. Nf3 Bg7 4. g3 Nc6 5. Be3 Bxb2 6. Nbd2 Qa5 7. Rb1 Bg7 8.
Bg2 d6 9. O-O Nf6 10. h3 O-O 11. c4 Nd7 12. a4 Nb4 13. d4 Nc6 14. dxc5 Nxc5 15.
Rb5 Qxa4 16. Bxc5 Qxd1 17. Rxd1 dxc5 18. Rxc5 Rd8 19. e5 Bh6 20. h4 Bg4 21. Rd5
Rxd5 22. cxd5 Nxe5 23. Re1 Nxf3+ 24. Nxf3 Bxf3 25. Bxf3 Kf8 26. Rd1 Rd8 27. Kf1
Bg7 28. Ke2 Be5 29. Kd3 Rc8 30. Ke4 Bd6 31. Bg4 Rc4+ 32. Rd4 Rxd4+ 33. Kxd4 f5
34. Be2 Ke8 35. Bd3 Kd8 36. h5 Kc7 37. hxg6 hxg6 38. Bb5 Kb6 39. f4 Kxb5 0-1

[Event "20. Torneo San Viator 2013"]
[Site "Madrid ESP"]
[Date "2013.05.26"]
[Round "7.39"]
[White "Garcia Rojas, Juan Carlos"]
[Black "Del Noval Nemeshazi, Nesztor"]
[Result "1-0"]
[WhiteElo "1548"]
[BlackElo "1299"]
[PlyCount "53"]
[EventDate "2013.04.07"]
[EventType "swiss"]
[EventRounds "9"]
[EventCountry "ESP"]
[Source "lmi"]
[SourceDate "2013.04.07"]

1. e4 c5 2. Nc3 Nc6 3. Nf3 e6 4. Bc4 a6 5. a4 g6 6. O-O Bg7 7. Ne2 Nge7 8. c3
O-O 9. d3 Qc7 10. Be3 b6 11. Qd2 f5 12. Bh6 Bb7 13. Bxg7 Kxg7 14. b4 cxb4 15.
cxb4 Ne5 16. Nxe5 Qxe5 17. f4 Qf6 18. Qe3 e5 19. Rac1 exf4 20. Nxf4 Qd6 21. b5
a5 22. e5 Qc7 23. d4 Rac8 24. Qg3 Kh8 25. Qa3 Ng8 26. Bxg8 Kxg8 27. Rxc7 1-0